| 000 | 00543nam a2200193Ia 4500 | ||
|---|---|---|---|
| 005 | 20250923144636.0 | ||
| 008 | 008 250917s9999 xx 000 0 eng d | ||
| 037 | _aTextual | ||
| 040 |
_aDSWL _beng _cDSWL |
||
| 041 |
_aeng _2eng |
||
| 084 |
_aY131:1:12:2:N5z7, J5 _qDSWL |
||
| 245 | 0 |
_aVillage India _cEd. by M.Marriott |
|
| 260 |
_aChicago _bUniversity of Chicago Press _c1956 |
||
| 300 | _axix,269p. | ||
| 365 |
_aUSD _b4.5 |
||
| 925 | _g4.5 | ||
| 942 |
_cTEXL _hY131:1:12:2:N5z7, J5 |
||
| 999 |
_c1441547 _d1441547 |
||